000 00723nam a2200265Ia 4500
005 20260302114712.0
008 008 260114s9999 xx 000 0 eng d
020 _a9789356402829
037 _aTextbook
040 _aCRL
040 _beng
040 _cCRL
041 _2eng
041 _aeng
084 _qCRL
100 _aSomeshwar Sati
_91119495
245 0 _aRetrieving the Crip Outsider Representations of Disability in Literature and Culture
260 _bBloomsbury
260 _bBloomsbury India
260 _c2024
650 _aLiterary Studies
856 _uhttps://doi.org/10.5040/9789356402829?locatt=label:secondary_bloomsburyCollections
942 _cEBOOK
999 _c1683536
_d1683536